CÁTALOGO MUNICIPAL







El libro en Piura, (Registro nro. 10601)

Detalles MARC
000 -Cabecera (24)
Campo de control interno 01040nam a22002534a 4500
001 - Número de control
Campo de control BIBLIOTECA MUNICIPAL DE BARRANCO
007 - Tipo material - Descripcion fisica - info general
Tipo material ta
008 - Códigos de longitud fija (40p)
Campo de control de longitud fija t pe gr 00| 0 spa d
040 ## - Origen de la Catalogacion
Origen de la Catalogacion BIBLIOTECA MUNICIPAL DE BARRANCO
041 ## - Código de idioma (R)
Código de lengua del texto/banda sonora o título independiente (R) spa
043 ## - Pais ISO
País ISO pe
245 ## - Titulo
Titulo El libro en Piura,
Subtitulo una historia inacabada /
Mencion del autor Juan Carlos Adriazola
250 ## - Mencion de edicion
Edicion Primera edición.
260 ## - Pie de imprenta
Ciudad Piura :
Editorial Municipalidad Provincial de Piura : Caramanduca Editores,
Año 2013.
300 ## - Descripcion
Páginas 96 páginas, 1 página sin numerar, 15 hojas de láminas sin numerar :ilustraciones, retratos ;
Dimensiones 21 cm.
490 ## - Serie Colección
Serie Colección Sapiens
500 ## - Nota General
Nota General Glosario: páginas 83-90.
504 ## - Nota Bibliografica
Nota bibliografica Bibliografía: página 91-96.
505 ## - Nota de contenido
Nota de contenido El libro: reflexiones de una historia inacabada. Librerías, libreros, editores y autores de Piura.
650 #0 - Temas - Descriptores
9 (RLIN) 6195
Temas - Descriptores Libros y lectura-Perú-Piura-Historia.
650 #0 - Temas - Descriptores
9 (RLIN) 6196
Temas - Descriptores Libreros y librerías-Perú-Piura-Historia.
710 ## - Autor Corporativo
9 (RLIN) 6197
Nombre de entidad corporativa o nombre de jurisdicción como elemento inicial (NR Piura. Municipalidad, entidad editora.
942 ## - Datos personalizados Koha
Tipo de Documento Libros
Fecha procesamiento 2024-12-28
Catalogador AAOH
Existencias
Fuente de Clasificacion Deterioro (estado) Ubicacion permanente Ubicacion actual Fecha de Ingreso a la Biblioteca Numero inventario Prestamos Signatura Topográfica Código de barras Ultima fecha de verificacion Tipo de Item Ubicación en edificio Precio dolares
Dewey Decimal Classification   Biblioteca Municipal Manuel Beingolea Biblioteca Municipal Manuel Beingolea 12/28/2024 008682   002.098512 A25 2013 008682 12/28/2024 Libros Estantería cerrada  

  

  GERENCIA DE CULTURA Y TURISMO

  Biblioteca Municipal de Barranco

  Auspiciado por la Municipalidad Distrial de Barranco

  Horario de atención: De lunes a sábado de 8:00 am a 5:00 pm.

  Correo electrónico: biblioteca@munibarranco.gob.pe

  Teléfono :203-6730, anexo 303


Ubicación